Online
Catalog
Normal view MARC view

Entry Nombre personal

Number of records used in: 6

001 - NÚMERO DE CONTROL

  • campo de control: 11236

003 - IDENTIFICADOR DEL NÚMERO DE CONTROL

  • campo de control: BNPHU

005 - FECHA Y HORA DE LA ÚLTIMA TRANSACCIÓN

  • campo de control: 20250224101421.0

008 - DATOS DE LONGITUD FIJA

  • campo de control de longitud fija: 200615|| aca||aabn | a|a d

010 ## - NÚMERO DE CONTROL DE LA BIBLIOTECA DEL CONGRESO

  • Número de control de LC: n 81094136

040 ## - FUENTE DE LA CATALOGACIÓN

  • Centro catalogador/agencia de origen: DO-SdBNP
  • Lengua de catalogación: spa
  • Centro/agencia transcriptor: BNPHU
  • Normas de descripción: rda

100 ## - ENCABEZAMIENTO-NOMBRE DE PERSONA

  • Nombre de persona: Davis, Martha Ellen

372 ## - CAMPO DE ACTIVIDAD

  • Campo de actividad: Traductores

374 ## - OCUPACIÓN

  • Ocupación: Traductores
  • Ocupación: Antropólogos

375 ## - GÉNERO/SEXO

  • Género/Sexo: Femenino

377 ## - LENGUA/LENGUAJE ASOCIADO

  • Código del idioma: spa
  • Código del idioma: eng
  • Término de lengua/lenguaje: Español
  • Término de lengua/lenguaje: Inglés

670 ## - FUENTE DE DATOS ENCONTRADOS

  • Cita de la fuente: Work cat.: (OSt)3489: Davis, Martha Ellen, La otra ciencia :, 1987.

670 ## - FUENTE DE DATOS ENCONTRADOS

  • Cita de la fuente: Su música y danza en contextos urbanos latinoamericanos, 1973.

670 ## - FUENTE DE DATOS ENCONTRADOS

  • Cita de la fuente: Propuesta de una corporación azucarera dominicana, 2014:
  • Información encontrada: portada verso (traducción del inglés, Rosanna Capella y Martha Ellen Davis)

670 ## - FUENTE DE DATOS ENCONTRADOS

  • Identificador Uniforme del Recurso: https://authorities.loc.gov/cgi-bin/Pwebrecon.cgi?AuthRecID=2855044&v1=1&HC=1&SEQ=20250224094850&PID=E0Wa60pc18WXgvvwkhf4oVnUQu0v Consultado en 24 de febrero, 2025

678 ## - DATOS BIOGRÁFICOS O HISTÓRICOS

  • Datos biográficos o históricos: Martha Ellen Davis es profesora emérita de la Universidad de Florida , antropóloga y etnomusicóloga conocida por su trabajo multifacético sobre la religión y la música de la diáspora africana . La investigación de la profesora Davis ha desafiado los principios convencionales sobre la música folclórica haitiana y dominicana , y sus proyectos de preservación cultural han creado conciencia sobre la importancia del enclave de los americanos de Samaná .
  • Ampliación de la nota: Educación y primeros trabajos Davis recibió su licenciatura (Magna Cum Laude) en Antropología de la Universidad de California y un doctorado de la Universidad de Illinois . Su trabajo de campo de posgrado la llevó a varias islas del Caribe, de las cuales ha publicado, [ 4 ] pero fue en la República Dominicana donde al principio de su carrera de posgrado estableció su reputación como iconoclasta , crítica y académica dedicada a la cultura negra . En 1972, llegó a la isla de La Española con la sospecha de que los dominicanos pertenecían más a la cultura afrocaribeña de lo que se había documentado hasta entonces. En un artículo publicado en un importante periódico dominicano , Xiomarita Pérez escribió con franqueza sobre el estilo de Davis y sus vínculos con el país: «Martha trabaja de corazón y con el corazón... Su oficio es delicado e importante para la memoria social del país» ( en español : «Martha trabaja de corazón y con el corazón... Su oficio es delicado e importante para la memoria social del país»).
  • Identificador Uniforme del Recurso: https://en.wikipedia.org/wiki/Martha_Ellen_Davis Consultado en 24 de febrero, 2025

Powered by Koha